Middle English Occupational Terms With Scandinavian Word Stems: Functional, Semantic and Chronological Issues

Článok predstavuje výsledky štúdie funkčných, sémantických a chronologických otázok týkajúcich sa stredoanglických pracovných termínov so škandinávskymi slovnými kmeňmi. Sémantická skupina, ktorá sa má skúmať, pozostáva z 184 slov, čo predstavuje 24,5% z celkového počtu pôžičkových zmesí v rámci sém...

ver descrição completa

Na minha lista:
Detalhes bibliográficos
Autor principal: Dobrovolska, Oksana
Formato: Capítulo de Livro
Idioma:inglês
Assuntos:
Tags: Adicionar Tag
Sem tags, seja o primeiro a adicionar uma tag!

MARC

LEADER 00000naa a2200000 4500
001 0272641
005 20210322113041.2
041 0 |a eng 
044 |a PL 
245 1 0 |a Middle English Occupational Terms With Scandinavian Word Stems: Functional, Semantic and Chronological Issues  |c Oksana Dobrovolska 
520 |a Článok predstavuje výsledky štúdie funkčných, sémantických a chronologických otázok týkajúcich sa stredoanglických pracovných termínov so škandinávskymi slovnými kmeňmi. Sémantická skupina, ktorá sa má skúmať, pozostáva z 184 slov, čo predstavuje 24,5% z celkového počtu pôžičkových zmesí v rámci sémantickej skupiny stredoanglických pracovných výrazov a 8% z celkového počtu 2 417 stredoanglických pracovných výrazov. Na základe vlastných mien bolo odhalených 97 pôžičkových zmesí so škandinávskymi slovnými stopkami. 
610 2 0 |a jazykoveda 
610 2 0 |a jazyky cudzie 
610 2 0 |a sémantika 
610 2 0 |a lexikológia 
610 2 0 |a zásoba slovná 
610 2 0 |a angličtina 
100 1 |a Dobrovolska, Oksana